000 01633cam a22003618i 4500
001 20041764
003 EG-ScBUE
005 20250512093856.0
008 170929t2026 ilua f 001 0 eng d
020 _a9798888175743
040 _aDLC
_beng
_erda
_cDLC
_dDLC
_dEG-ScBUE
082 0 4 _a687.0688
_222
_bQUI
100 1 _aQuinlan, Cindy,
_eauthor.
245 1 0 _aFashion marketing & merchandising /
_cCindy Quinlan, EdS, marketing and wntrepreneurship teacher, Brookwood High School, Gwinnett Country Public Schools, Snellville, Georgia, Mary G. Wolfe, Virginia Beach, Virginia ; contributing author, Katherine A. Shaw, PhD, associate professor, Department of Art & Design, Eastern Illinois University, Charleston, Illinois.
246 3 _aFashion marketing and merchandising
250 _aSixth edition.
264 1 _aTinley Park, IL :
_bThe Goodheart-Willcox Company, Inc.,
_c[2026]
264 4 _cc2026
300 _axvi, 640 pages :
_bcolor illustrations ;
_c28 cm
336 _atext
_btxt
_2rdacontent
337 _aunmediated
_bn
_2rdamedia
338 _avolume
_bnc
_2rdacarrier
500 _a"Previously published as The World of Fashion Merchandising by Mary G. Wolfe."
500 _aIncludes index.
650 7 _aFashion merchandising.
_2BUEsh
650 7 _aFashion merchandising
_xVocational guidance.
_2BUEsh
653 _cMay2025
_bART
655 _vReading book
700 1 _aWolfe, Mary Gorgen,
_d1941-
_eauthor.
700 1 _aShaw , Katherine A. ,
_econtributer.
942 _2ddc
_cBB
999 _c30967
_d30938